国家高速公路干线交汇点 - Statistics

General Stats
  • This quiz has been taken 64 times
  • The average score is 138 of 338
Answer Stats
高速干线 交汇点 备注 % Correct
G1G10 哈尔滨
98%
G1G12 长春
90%
G1G91 沈阳
76%
G1G45 北京
73%
G2 徐州
71%
G1G91 铁岭
68%
G1G95 北京
68%
G2G35 济南
68%
G2G95 北京
68%
G1G16 锦州
66%
G2G20 济南
66%
G20 石家庄
66%
G1G16 盘锦
63%
G1G25 唐山
63%
G2G22 济南
63%
G18 保定
63%
G22 邯郸
63%
郑州
63%
G95 保定
63%
漯河
61%
信阳
61%
武汉
61%
湘潭
61%
G2G3 沧州
59%
G2 上海
59%
G2 无锡
59%
G2 上海
59%
G3 徐州
59%
广州
59%
东莞
59%
深圳
59%
武汉
59%
岳阳
59%
广州
59%
北京
59%
张家口
59%
G95 张家口
59%
G10G45 大庆
59%
G2G18 天津
56%
G2 苏州
56%
G3 宿州
56%
G3G95 廊坊
56%
衡阳
56%
郴州
56%
G95 保定
56%
G18 乌海
56%
G20 银川
56%
包头
56%
呼和浩特
56%
包头
56%
G95 张家口
56%
G3 福州
54%
G3 福州
54%
G35 广州
54%
清远
54%
G20 太原
54%
西安
54%
咸阳
54%
成都
54%
太原
54%
兰州
54%
乌兰察布
54%
G10 牡丹江
54%
大连
54%
G18 烟台
54%
G20 青岛
54%
G22 青岛
54%
连云港
54%
G2 扬州
51%
G2 泰州
51%
G3G18 廊坊
51%
G3G35 济南
51%
G3 合肥
51%
G45 广州
51%
孝感
51%
G18 保定
51%
G22 临汾
51%
西安 二度过境
51%
运城
51%
西安
51%
咸阳
51%
西安 二度过境
51%
西安
51%
咸阳
51%
西安 二度过境
51%
西安
51%
广元
51%
呼和浩特 二度交汇
51%
包头
51%
巴彦淖尔
51%
银川
51%
银川 二度交汇
51%
吴忠
51%
吴忠 二度交汇
51%
乌兰察布
51%
G12 延边
51%
G16 丹东
51%
G12G45 松原
51%
G35 广州
51%
茂名
51%
G3G20 德州
49%
G3 黄山
49%
G3 衢州
49%
G20 吕梁
49%
绵阳
49%
德阳
49%
成都
49%
眉山
49%
成都 二度过境
49%
呼和浩特
49%
南通
49%
上海
49%
G45 广州
49%
上海
49%
福州
49%
泉州
49%
厦门
49%
汕头
49%
海口
49%
G2G25 淮安
46%
G3 蚌埠
46%
雅安
46%
G16 鞍山
46%
上海
46%
佛山
46%
湛江
46%
海口
46%
宁波
46%
G20G22 青岛
46%
G20G35 济南
46%
G20 银川
46%
G20 银川
46%
G20 银川
46%
G3G22 泰安
44%
G3G25 南平
44%
G3 铜陵
44%
佛山
44%
嘉兴
44%
G20 太原
44%
G20 榆林
44%
G20 吴忠
44%
G25 杭州
44%
G25 金华
44%
西安
44%
咸阳
44%
西安 二度过境
44%
西安
44%
咸阳
44%
西安 二度过境
44%
西安
44%
G3G45 北京
41%
汉中
41%
G25 连云港 二度交汇
41%
深圳
41%
G18 鄂尔多斯
41%
G20 吕梁
41%
G25 连云港
41%
G25G95 承德
41%
G35 商丘
41%
洛阳
41%
G45 开封
41%
洛阳
41%
三门峡
41%
G35 广州
41%
南京
41%
G25 深圳
39%
G91 辽阳
39%
江门
39%
G16G45 赤峰
39%
G18 朔州
39%
G20G45 邢台
39%
G25 南平
39%
G25 三明
39%
G25 三明
39%
G25 龙岩
39%
宝鸡
39%
南京
39%
洛阳
39%
南京
39%
G45G95 承德
39%
G45G95 廊坊
39%
肇庆
39%
G25 连云港
37%
G18G25 天津
37%
G20G25 潍坊
37%
G22 兰州
37%
G22 延安
37%
G22 庆阳
37%
G25 南京
37%
G25 南京
37%
G25 湖州
37%
G25 梅州
37%
G35 景德镇
37%
G35 抚州
37%
G35 赣州
37%
G45 周口
37%
滁州
37%
南阳
37%
南阳
37%
西安
37%
重庆
37%
常德
37%
邵阳
37%
肇庆
37%
昆明
37%
昆明
37%
G16G25 朝阳
34%
G18G25 东营
34%
G18G25 滨州
34%
G18G25 沧州
34%
G18G45 廊坊
34%
G18 朔州
34%
G22 定西
34%
G22G35 济南
34%
G22 平凉
34%
G25 河源
34%
G35 六安
34%
G35 安庆
34%
G35 鹰潭
34%
G35 赣州
34%
G35 梅州
34%
合肥
34%
六安
34%
G45 信阳
34%
襄阳
34%
永州
34%
永州
34%
昆明
34%
昆明
34%
西安
34%
桂林
34%
昆明
34%
昆明
34%
昆明
34%
G22G25 临沂
32%
G22 长治
32%
G22 临汾
32%
G22 庆阳
32%
G22 平凉
32%
G35 六安
32%
G45 黄冈
32%
G45 吉安
32%
G45 赣州
32%
G45 广州
32%
重庆
32%
嘉兴
32%
西安
32%
咸阳
32%
西安 二度过境
32%
G22G45 邯郸
29%
G22 固原
29%
G25G35 惠州
29%
G35 亳州
29%
荆门
29%
广安
29%
G45 河源
29%
重庆
29%
九江
29%
桂林
29%
怀化
29%
贵阳
29%
贵阳
29%
上海
29%
嘉兴 二度交汇
29%
杭州
29%
海口
29%
肇庆
29%
G25G35 梅州
27%
G25G45 四平
27%
G25G45 承德
27%
武汉
27%
重庆
27%
重庆
27%
昆明
27%
湘西
27%
遵义
27%
北海
27%
桂林
27%
桂林
27%
玉林
27%
南昌
27%
桂林
27%
桂林
27%
贺州
27%
梧州
27%
宜昌
24%
武汉
24%
广安
24%
遂宁
24%
G45 黄冈
24%
G45 黄石
24%
G45 黄石
24%
G45 新余
24%
荆州
24%
宜昌
24%
黄冈
24%
黄石
24%
鄂州
24%
武汉
24%
遵义
24%
十堰
24%
贵阳
24%
黔东南
24%
黔南
24%
商洛
24%
重庆
24%
重庆
24%
泸州
24%
南充
22%
G45 鄂州
22%
怀化
22%
曲靖
22%
毕节
22%
桂林
22%
安康
22%
银川
22%
咸阳
22%
西安
22%
银川
22%
桂林
22%
重庆
22%
重庆 二度交汇
22%
重庆
22%
G45 黄冈
20%
G45 黄石
20%
邵阳
20%
百色
20%
百色
20%
南宁
20%
G45 鄂州
17%
贵阳
17%
柳州
17%
南宁
17%
内江
17%
贵阳
15%
黔东南
15%
河池
15%
平凉
10%
No matching quizzes found
Score Distribution
Percent of People with Each Score
Percentile by Number Answered
Your Score History
You have not taken this quiz